Szczegóły MARC21

Teoria, instytucje, procesy. Cz. 2, Polityczna organizacja społeczeństwa /

003 -Nazwa inst., której nr kontr. jest w polu 001 [,]
    • @
    • Nazwa instytucji, której n kontrolny jest w polu 001
    • NUKAT
005 -DATA I CZAS OSTATNIEJ MODYFIKACJI [,]
    • @
    • pole kontrolne
    • 20241231102941.0
020 -Międzynarod. znormalizowany nr książki - ISBN [ , ]
    • a
    • Numer ISBN
    • 9788375457742 Find
020 -Międzynarod. znormalizowany nr książki - ISBN [ , ]
    • a
    • Numer ISBN
    • 9788375459289 Find
040 -Instytucja sporządzająca opis [ , ]
    • a
    • Instytucja, która sporządziła opis (NP)
    • WR U/da
    • b
    • Język katalogowania
    • pol
    • e
    • Zasady katalogowania
    • rda
    • c
    • Instytucja, która sporządziła rekord (NP)
    • WR U/das
    • d
    • Instytucja, która zmodyfikowała rekord (P)
    • WR U/bk
942 -Rodzaj dokumentu [ , ]
    • c
    • Rodzaj dokumentu
    • Książka
245 -Strefa tytułu i oznaczenia odpowiedzialności [0,0]
    • a
    • Tytuł
    • Teoria, instytucje, procesy. Find
    • n
    • Oznaczenie części (P)
    • Cz. 2,
    • p
    • Nazwa części (P)
    • Polityczna organizacja społeczeństwa /
    • c
    • Pozostałe elementy strefy tytułu i oznaczenia odpowiedzialności (NP)
    • redakcja naukowa: Konstanty Adam Wojtaszczyk, Stanisław Sulowski, Wojciech Jakubowski ; autorzy: Włodzimierz Anioł, Andrzej Antoszewski, Jan Baszkiewicz, Wojciech Jakubowski, Mirosław Karwat, Piotr Mazurkiewicz, Tadeusz Mołdawa, Aleksander Posern-Zieliński, Agnieszka Rothert, Stanisław Sulowski, Jarosław Szymanek, Grażyna Ulicka, Konstanty A. Wojtaszczyk, Michał Gierycz, Daniel Przastek, Piotr Załęski, Mariusz Kairski, Błażej Poboży, Jarosław Szczepański, Marcin Tobiasz, Wojciech Rutkowski ; Uniwersytet Warszawski. Instytut Nauk Politycznych.
246 -Wariant tytułu [3,0]
    • a
    • Tytuł (NP)
    • Polityczna organizacja społeczeństwa
260 -Strefa adresu wydawniczego [ , ]
    • a
    • Miejsce wydania (P)
    • Warszawa :
    • b
    • Nazwa wydawcy (P)
    • Oficyna Wydawnicza ASPRA-JR,
    • c
    • Data wydania (P)
    • 2018.
300 -Strefa opisu fizycznego [ , ]
    • a
    • Określenie formy książki i/lub objętość (NP)
    • 528 stron :
    • b
    • Oznaczenie ilustracji (NP)
    • ilustracje kolorowe ;
    • c
    • Format (NP)
    • 25 cm.
336 -Typ zawartości [ , ]
    • a
    • Termin opisujący typ zawartości
    • Tekst
    • b
    • Kod określający zawartość
    • txt
    • 2
    • Źródło (terminu i kodu)
    • rdacontent
337 -Typ mediów [ , ]
    • a
    • Tryb odtwarzania
    • Bez urządzenia pośredniczącego
    • b
    • Kod typu mediów
    • n
    • 2
    • Źródło (terminu i kodu)
    • rdamedia
338 -Typ/rodzaj nośnika [ , ]
    • a
    • Hasło opisujące typ nośnika
    • Wolumin
    • b
    • Kod typu nośnika
    • nc
    • 2
    • Źródło (terminu i kodu)
    • rdacarrier
490 -Strefa serii i książki wielotomowej - forma nie do wyszukiwania [1, ]
    • a
    • Tytuł (P)
    • Społeczeństwo i polityka : podstawy nauk politycznych / redakcja naukowa cyklu: Konstanty Adam Wojtaszczyk, Wojciech Jakubowski ; Find
    • v
    • Numeracja (P)
    • t. 1 cz. 2
830 -Hasło dodatkowe serii i opisu książki wielotomowej - tytuł ujednolicony/tytuł [ ,0]
    • a
    • Tytuł ujednolicony/tytuł (NP)
    • Społeczeństwo i Polityka - Oficyna Wydawnicza ASPRA-JR
    • v
    • Oznaczenie tomu (NP)
    • t. 1 cz. 2
    • 9
    • KHW
    • 489196
500 -Uwaga ogólna [ , ]
    • a
    • Uwaga ogólna (NP)
    • Na okładce: "50 lat INP".
504 -Uwaga dot. bibliogr. załącznikowej [ , ]
    • a
    • Uwaga dot. bibliografii załącznikowej
    • Bibliografia na stronach 507-525.
536 -Uwaga dot. finansowania książki [ , ]
    • a
    • Tekst uwagi
    • Publikacja dofinansowana przez Wydział Nauk Politycznych i Studiów Międzynarodowych Uniwersytetu Warszawskiego
650 -Hasło przedmiotowe [ ,7]
    • a
    • Hasło przedmiotowe
    • Nauki polityczne.
    • 2
    • Źródło terminu
    • kaba
    • 9
    • KHW
    • 120814
650 -Hasło przedmiotowe [ ,7]
    • a
    • Hasło przedmiotowe
    • Państwo.
    • 2
    • Źródło terminu
    • kaba
    • 9
    • KHW
    • 123389
700 -Hasło dodatkowe - nazwa osobowa [1, ]
    • a
    • Nazwa osobowa (NP)
    • Wojtaszczyk, Konstanty Adam Find
    • d
    • Daty biograficzne (NP)
    • (1952- ).
    • e
    • Określenie rodzaju współpracy
    • Redakcja
    • e
    • Określenie rodzaju współpracy
    • Autor
    • 9
    • KHW
    • 12561
700 -Hasło dodatkowe - nazwa osobowa [1, ]
    • a
    • Nazwa osobowa (NP)
    • Sulowski, Stanisław Find
    • d
    • Daty biograficzne (NP)
    • (1952- ).
    • e
    • Określenie rodzaju współpracy
    • Redakcja
    • e
    • Określenie rodzaju współpracy
    • Autor
    • 9
    • KHW
    • 11628
700 -Hasło dodatkowe - nazwa osobowa [1, ]
    • a
    • Nazwa osobowa (NP)
    • Jakubowski, Wojciech Jerzy Find
    • d
    • Daty biograficzne (NP)
    • (1967- ).
    • e
    • Określenie rodzaju współpracy
    • Redakcja
    • e
    • Określenie rodzaju współpracy
    • Autor
    • 9
    • KHW
    • 14401
700 -Hasło dodatkowe - nazwa osobowa [1, ]
    • a
    • Nazwa osobowa (NP)
    • Anioł, Włodzimierz Find
    • d
    • Daty biograficzne (NP)
    • (1955- ).
    • e
    • Określenie rodzaju współpracy
    • Autor
    • 9
    • KHW
    • 40761
700 -Hasło dodatkowe - nazwa osobowa [1, ]
    • a
    • Nazwa osobowa (NP)
    • Antoszewski, Andrzej Find
    • d
    • Daty biograficzne (NP)
    • (1949- ).
    • e
    • Określenie rodzaju współpracy
    • Autor
    • 9
    • KHW
    • 41154
700 -Hasło dodatkowe - nazwa osobowa [1, ]
    • a
    • Nazwa osobowa (NP)
    • Baszkiewicz, Jan Find
    • d
    • Daty biograficzne (NP)
    • (1930-2011).
    • e
    • Określenie rodzaju współpracy
    • Autor
    • 9
    • KHW
    • 38239
700 -Hasło dodatkowe - nazwa osobowa [1, ]
    • a
    • Nazwa osobowa (NP)
    • Karwat, Mirosław Find
    • d
    • Daty biograficzne (NP)
    • (1953- ).
    • e
    • Określenie rodzaju współpracy
    • Autor
    • 9
    • KHW
    • 64190
700 -Hasło dodatkowe - nazwa osobowa [1, ]
    • a
    • Nazwa osobowa (NP)
    • Mazurkiewicz, Piotr Find
    • c
    • Dopowiedzenie inne niż daty biograficzne (NP)
    • (nauki o polityce).
    • e
    • Określenie rodzaju współpracy
    • Autor
    • 9
    • KHW
    • 489199
700 -Hasło dodatkowe - nazwa osobowa [1, ]
    • a
    • Nazwa osobowa (NP)
    • Mołdawa, Tadeusz Find
    • d
    • Daty biograficzne (NP)
    • (1943-2019).
    • e
    • Określenie rodzaju współpracy
    • Autor
    • 9
    • KHW
    • 19587
700 -Hasło dodatkowe - nazwa osobowa [1, ]
    • a
    • Nazwa osobowa (NP)
    • Posern-Zieliński, Aleksander Find
    • d
    • Daty biograficzne (NP)
    • (1943- ).
    • e
    • Określenie rodzaju współpracy
    • Autor
    • 9
    • KHW
    • 11902
700 -Hasło dodatkowe - nazwa osobowa [1, ]
    • a
    • Nazwa osobowa (NP)
    • Rothert, Agnieszka. Find
    • e
    • Określenie rodzaju współpracy
    • Autor
    • 9
    • KHW
    • 54115
700 -Hasło dodatkowe - nazwa osobowa [1, ]
    • a
    • Nazwa osobowa (NP)
    • Szymanek, Jarosław. Find
    • e
    • Określenie rodzaju współpracy
    • Autor
    • 9
    • KHW
    • 44574
700 -Hasło dodatkowe - nazwa osobowa [1, ]
    • a
    • Nazwa osobowa (NP)
    • Ulicka, Grażyna. Find
    • e
    • Określenie rodzaju współpracy
    • Autor
    • 9
    • KHW
    • 24207
700 -Hasło dodatkowe - nazwa osobowa [1, ]
    • a
    • Nazwa osobowa (NP)
    • Gierycz, Michał Find
    • d
    • Daty biograficzne (NP)
    • (1978- ).
    • e
    • Określenie rodzaju współpracy
    • Autor
    • 9
    • KHW
    • 48844
700 -Hasło dodatkowe - nazwa osobowa [1, ]
    • a
    • Nazwa osobowa (NP)
    • Przastek, Daniel Find
    • d
    • Daty biograficzne (NP)
    • (1975- ).
    • e
    • Określenie rodzaju współpracy
    • Autor
    • 9
    • KHW
    • 452021
700 -Hasło dodatkowe - nazwa osobowa [1, ]
    • a
    • Nazwa osobowa (NP)
    • Załęski, Piotr Find
    • c
    • Dopowiedzenie inne niż daty biograficzne (NP)
    • (politologia).
    • e
    • Określenie rodzaju współpracy
    • Autor
    • 9
    • KHW
    • 43359
700 -Hasło dodatkowe - nazwa osobowa [1, ]
    • a
    • Nazwa osobowa (NP)
    • Kairski, Mariusz. Find
    • e
    • Określenie rodzaju współpracy
    • Autor
    • 9
    • KHW
    • 489197
700 -Hasło dodatkowe - nazwa osobowa [1, ]
    • a
    • Nazwa osobowa (NP)
    • Poboży, Błażej Find
    • d
    • Daty biograficzne (NP)
    • (1977- ).
    • e
    • Określenie rodzaju współpracy
    • Autor
    • 9
    • KHW
    • 94974
700 -Hasło dodatkowe - nazwa osobowa [1, ]
    • a
    • Nazwa osobowa (NP)
    • Szczepański, Jarosław. Find
    • e
    • Określenie rodzaju współpracy
    • Autor
    • 9
    • KHW
    • 81918
700 -Hasło dodatkowe - nazwa osobowa [1, ]
    • a
    • Nazwa osobowa (NP)
    • Tobiasz, Marcin. Find
    • e
    • Określenie rodzaju współpracy
    • Autor
    • 9
    • KHW
    • 489198
700 -Hasło dodatkowe - nazwa osobowa [1, ]
    • a
    • Nazwa osobowa (NP)
    • Rutkowski, Wojciech. Find
    • e
    • Określenie rodzaju współpracy
    • Autor
    • 9
    • KHW
    • 489200
710 -Hasło dodatkowe - nazwa ciała zbiorowego [2, ]
    • a
    • Nazwa ciała zbiorowego lub nazwa geograficzna jako pierwszy element (NP)
    • Uniwersytet Warszawski.
    • b
    • Nazwa jednostki podrzędnej (P)
    • Instytut Nauk Politycznych.
    • e
    • Rodzaj współpracy
    • Instytucja sprawcza
    • 9
    • KHW
    • 14996
710 -Hasło dodatkowe - nazwa ciała zbiorowego [2, ]
    • a
    • Nazwa ciała zbiorowego lub nazwa geograficzna jako pierwszy element (NP)
    • Oficyna Wydawnicza Aspra-JR.
    • e
    • Rodzaj współpracy
    • Wydawca
    • 4
    • Kod relacji
    • pbl
    • 9
    • KHW
    • 54095
920 -ISBN [ , ]
    • a
    • ISBN
    • 978-83-7545-774-2 Find
920 -ISBN [ , ]
    • a
    • ISBN
    • 978-83-7545-928-9 Find
Lokalizacja Data inwentaryzacji Numer inwentarzowy Status udost.
BG2019-04-24Z.1235961
BG2019-04-24WM.23445-3
BG2019-04-24WM.23446-3